Horror Movie Franchises #8: Scream - Statistics

General Stats
  • This quiz has been taken 194 times
  • The average score is 6 of 6
Answer Stats
Movie % Correct
Scream
100%
Scream (2022 Remake)
100%
Scream 2
99%
Scream 3
99%
Scream 4
99%
Scream VI
61%
No matching quizzes found
Score Distribution
Percent of People with Each Score
Percentile by Number Answered
Your Score History
You have not taken this quiz